Normal view
MARC view
Entry Personal Name
001 - CONTROL NUMBER
- control field: 248960
003 - CONTROL NUMBER IDENTIFIER
- control field: OSt
005 - DATE AND TIME OF LATEST TRANSACTION
- control field: 20251212111433.0
008 - FIXED-LENGTH DATA ELEMENTS
- fixed length control field: 251212|| aca||aabn | a|a d
040 ## - CATALOGING SOURCE
- Original cataloging agency: OSt
- Transcribing agency: OSt
100 ## - HEADING--PERSONAL NAME
- Personal name: Fernandes, Edmond
670 ## - SOURCE DATA FOUND
- Source citation: Work cat.: (OSt)240717: Amitabh Anand 248959, Beyond good, 2025